[Event "III Weekend A"]
[Site "Novara ITA"]
[Date "2002.11.01"]
[Round "2"]
[White "Laketic, Gojko"]
[Black "Mazzariol, Oscar"]
[Result "1-0"]
[WhiteElo "2444"]
[BlackElo "2141"]
[PlyCount "55"]
[EventDate "2002.11.01"]

1. d4 Nf6 2. Nf3 e6 3. g3 c5 4. Bg2 d5 5. O-O cxd4 6. Nxd4 e5 7. Nb3 h6 8. c4
d4 9. f4 Bd6 10. fxe5 Bxe5 11. N1d2 d3 12. Nf3 Nc6 13. exd3 Bg4 14. Qe1 Bxf3
15. Bxf3 O-O 16. Bxc6 Bd4+ 17. Nxd4 Qxd4+ 18. Be3 Qxd3 19. Rd1 Qxc4 20. Bxb7
Rae8 21. b3 Qb5 22. Bf3 Re6 23. Qf2 a5 24. Bd4 Rfe8 25. Bxf6 Rxf6 26. Qd4 Re5
27. Qd8+ Kh7 28. Qd3+ 1-0

[Event "III Weekend A"]
[Site "Novara ITA"]
[Date "2002.11.01"]
[Round "2"]
[White "Raineri, Valerio"]
[Black "Sbarra, Marco"]
[Result "1/2-1/2"]
[WhiteElo "2139"]
[BlackElo "2220"]
[PlyCount "50"]
[EventDate "2002.11.01"]

1. e4 c5 2. Nf3 Nc6 3. d4 cxd4 4. Nxd4 e6 5. Be3 Nf6 6. Bd3 e5 7. Nb3 d5 8.
exd5 Nxd5 9. N1d2 Nxe3 10. fxe3 Qh4+ 11. g3 Qg5 12. Qe2 Bg4 13. Qf2 Bb4 14. c3
Bd6 15. Ne4 Qe7 16. O-O O-O 17. Be2 Bxe2 18. Qxe2 Rad8 19. Nxd6 Rxd6 20. e4
Rfd8 21. Rad1 Qg5 22. Rxd6 Rxd6 23. Rf2 g6 24. Kg2 Kg7 25. Nd2 Rd7 1/2-1/2

[Event "III Weekend A"]
[Site "Novara ITA"]
[Date "2002.11.01"]
[Round "2"]
[White "Ranieri, Fabrizio"]
[Black "Trumpf, Walter"]
[Result "1-0"]
[WhiteElo "2173"]
[BlackElo "2102"]
[PlyCount "117"]
[EventDate "2002.11.01"]

1. e4 c5 2. Nf3 Nc6 3. d4 cxd4 4. Nxd4 e5 5. Nf3 h6 6. Bc4 Nf6 7. O-O Bc5 8.
Qe2 O-O 9. Be3 Bxe3 10. Qxe3 Qc7 11. Nc3 Ne7 12. Bb3 a6 13. Rad1 b5 14. a3 Bb7
15. Rd2 Rad8 16. Rfd1 Bc6 17. Rd6 Ne8 18. Rxh6 d5 19. Rxc6 Qxc6 20. exd5 Qf6
21. Qxe5 Ng6 22. Qxf6 Nxf6 23. g3 Rfe8 24. Rd4 Ne5 25. Nxe5 Rxe5 26. a4 bxa4
27. Rxa4 Rd6 28. Kf1 Kf8 29. h3 Nd7 30. Ra5 f5 31. Bc4 Nf6 32. b4 Ne4 33. Nxe4
Rxe4 34. Rc5 f4 35. Kg2 fxg3 36. fxg3 Rd4 37. Kf3 Rd2 38. Bd3 Rf6+ 39. Ke4 Rg2
40. g4 Rg3 41. Ke5 Re3+ 42. Be4 Rb6 43. c3 Rb8 44. Kd4 Rxh3 45. Rc6 Rg3 46. Bf5
Ra8 47. d6 Rg1 48. d7 Rd8 49. Rxa6 Kf7 50. c4 Ke7 51. b5 Rb8 52. Kc5 Re1 53.
Rc6 Rd8 54. Kb6 Ra1 55. Re6+ Kf7 56. c5 g6 57. Rxg6 Raa8 58. Rh6 Rab8+ 59. Kc6
1-0

[Event "III Weekend A"]
[Site "Novara ITA"]
[Date "2002.11.01"]
[Round "2"]
[White "Ubezio, Marco"]
[Black "Bozzali, Ermanno"]
[Result "1-0"]
[WhiteElo "2195"]
[BlackElo "2135"]
[PlyCount "105"]
[EventDate "2002.11.01"]

1. d4 g6 2. e4 Bg7 3. Nf3 c6 4. c3 d5 5. Nbd2 dxe4 6. Nxe4 Nd7 7. Bc4 Ngf6 8.
Ng3 O-O 9. O-O Nb6 10. Bb3 a5 11. a3 Nbd5 12. Re1 Bg4 13. h3 Bxf3 14. Qxf3 a4
15. Ba2 Qd7 16. c4 Nc7 17. Bf4 Ne6 18. Rad1 Nxd4 19. Qd3 c5 20. Be5 Rfd8 21.
Bxf6 exf6 22. Ne4 b6 23. Nc3 Re8 24. Nd5 Qd6 25. Re3 Re6 26. Rde1 Rae8 27. Qd1
f5 28. Qxa4 b5 29. cxb5 f4 30. Rxe6 fxe6 31. Qa6 Qb8 32. Nc3 f3 33. g3 Be5 34.
Ne4 Ne2+ 35. Kh2 h5 36. Bxe6+ Kg7 37. h4 Re7 38. Qc8 Qxc8 39. Bxc8 Bxb2 40.
Nxc5 Bxa3 41. Nd3 Rc7 42. Ba6 Rc3 43. b6 Bd6 44. Rd1 g5 45. hxg5 h4 46. Nf4
hxg3+ 47. fxg3 Nxf4 48. Rxd6 Rc2+ 49. Kg1 Rc1+ 50. Kf2 Nh3+ 51. Kxf3 Nxg5+ 52.
Kg4 Nf7 53. Rd7 1-0

[Event "III Weekend A"]
[Site "Novara ITA"]
[Date "2002.11.01"]
[Round "2"]
[White "Volpi, Davide"]
[Black "Moncelli, Giorgio"]
[Result "0-1"]
[WhiteElo "2100"]
[BlackElo "2166"]
[PlyCount "128"]
[EventDate "2002.11.01"]

1. e4 g6 2. d4 Bg7 3. Nf3 d6 4. Nc3 Nf6 5. Be2 O-O 6. O-O c6 7. Bf4 Nbd7 8. Qd2
Qc7 9. Bh6 e5 10. Bxg7 Kxg7 11. Rad1 Re8 12. d5 Nc5 13. dxc6 Ncxe4 14. Nxe4
Nxe4 15. cxb7 Bxb7 16. Qd3 d5 17. c3 Nf6 18. Nd2 Rad8 19. Nb3 Re6 20. Qe3 d4
21. Qd2 d3 22. Bxd3 e4 23. Nd4 exd3 24. Nxe6+ fxe6 25. Qe3 Ng4 26. Qg3 Qxg3 27.
hxg3 e5 28. Rfe1 e4 29. f3 Nf6 30. Kf2 Re8 31. c4 Kf7 32. b3 a5 33. Re3 Rc8 34.
g4 g5 35. Ke1 a4 36. Kd2 axb3 37. axb3 Ra8 38. Kc3 Ra2 39. Rd2 Rxd2 40. Kxd2
Ke6 41. Re1 Ke5 42. Ke3 h5 43. gxh5 Nxh5 44. Ra1 Ng3 45. Ra5+ Kf6 46. b4 Nf5+
47. Kd2 Nd4 48. Ra7 Nb3+ 49. Kc3 d2 50. Kc2 exf3 51. gxf3 Bxf3 52. Rd7 d1=Q+
53. Rxd1 Bxd1+ 54. Kxd1 Ke5 55. Ke1 Kf4 56. Kf2 g4 57. c5 Nd4 58. c6 Nxc6 59.
b5 Na5 60. b6 g3+ 61. Kg2 Kg4 62. Kg1 Kf3 63. Kf1 Nb7 64. Kg1 g2 0-1

[Event "III Weekend A"]
[Site "Novara ITA"]
[Date "2002.11.02"]
[Round "3"]
[White "Barberi, Alessandro"]
[Black "Laketic, Gojko"]
[Result "1/2-1/2"]
[WhiteElo "2094"]
[BlackElo "2444"]
[PlyCount "114"]
[EventDate "2002.11.01"]

1. d4 d5 2. c4 c6 3. Nf3 Nf6 4. Nc3 a6 5. e3 b5 6. b3 Bg4 7. Bd3 e6 8. Bb2 Nbd7
9. O-O Bd6 10. e4 b4 11. Nxd5 exd5 12. e5 Be7 13. exf6 Nxf6 14. Qe2 O-O 15. Qe3
Bxf3 16. Qxf3 a5 17. g4 dxc4 18. bxc4 a4 19. Rad1 Ra5 20. d5 cxd5 21. g5 Ne4
22. cxd5 Nc3 23. h4 g6 24. Bc4 Rc5 25. Rd4 Qc7 26. Qd3 Rc8 27. d6 Bxd6 28.
Bxf7+ Qxf7 29. Rxd6 Rd5 30. Rxd5 Qxd5 31. Qa6 Qc4 32. Qxc4+ Rxc4 33. Bxc3 bxc3
34. Rc1 Kf7 35. Kf1 Ke6 36. Ke2 Kf5 37. Rh1 c2 38. Kd2 c1=Q+ 39. Rxc1 Rxc1 40.
Kxc1 Kg4 41. Kd2 Kxh4 42. f4 Kg3 43. Ke3 a3 44. Ke4 Kf2 45. f5 gxf5+ 46. Kxf5
Ke3 47. Kf6 Ke4 48. g6 hxg6 49. Kxg6 Ke5 50. Kg5 Kd4 51. Kf4 Kd3 52. Kf3 Kd2
53. Kf2 Kc1 54. Ke1 Kb2 55. Kd2 Kxa2 56. Kc2 Ka1 57. Kc1 a2 1/2-1/2

[Event "III Weekend A"]
[Site "Novara ITA"]
[Date "2002.11.02"]
[Round "3"]
[White "Barlocco, Carlo"]
[Black "Aranovitch, Emiliano"]
[Result "0-1"]
[WhiteElo "2160"]
[BlackElo "2192"]
[PlyCount "76"]
[EventDate "2002.11.01"]

1. c4 c5 2. Nc3 Nf6 3. g3 g6 4. Bg2 Bg7 5. e3 O-O 6. Nge2 d6 7. Rb1 Nbd7 8. O-O
Ne5 9. d3 Bf5 10. e4 Bg4 11. f3 Bd7 12. b4 cxb4 13. Rxb4 Qc8 14. Be3 Bh3 15.
Bxh3 Qxh3 16. Nf4 Qc8 17. Nfd5 Nxd5 18. Nxd5 Re8 19. Qd2 e6 20. Nc3 Qc6 21. Kg2
f5 22. Nb5 b6 23. a4 Rf8 24. Rfb1 fxe4 25. fxe4 Nf3 26. Qc1 Rf7 27. Bf4 Nd4 28.
Nxd4 Bxd4 29. a5 Raf8 30. axb6 axb6 31. Be3 Qc5 32. Bf4 e5 33. Rb5 Qc8 34. Be3
Rf2+ 35. Bxf2 Rxf2+ 36. Kh1 Qh3 37. Qg1 Rc2 38. R5b2 Bxb2 0-1

[Event "III Weekend A"]
[Site "Novara ITA"]
[Date "2002.11.02"]
[Round "3"]
[White "Berni, Fabrizio"]
[Black "Volpi, Davide"]
[Result "1-0"]
[WhiteElo "2117"]
[BlackElo "2100"]
[PlyCount "35"]
[EventDate "2002.11.01"]

1. e4 d6 2. d4 Nf6 3. Nc3 g6 4. Nf3 Bg7 5. Bc4 O-O 6. O-O Nbd7 7. h3 c5 8. e5
dxe5 9. dxe5 Ne8 10. e6 fxe6 11. Ng5 Nc7 12. Bxe6+ Nxe6 13. Nxe6 Qb6 14. Nxf8
Nxf8 15. Nd5 Qd6 16. Bg5 Kh8 17. Bxe7 Qe6 18. Bxf8 1-0

[Event "III Weekend A"]
[Site "Novara ITA"]
[Date "2002.11.02"]
[Round "3"]
[White "Bozzali, Ermanno"]
[Black "Borroni, Enrico"]
[Result "1-0"]
[WhiteElo "2135"]
[BlackElo "1950"]
[PlyCount "57"]
[EventDate "2002.11.01"]

1. e4 c6 2. d4 d5 3. Nc3 dxe4 4. Nxe4 Bf5 5. Ng3 Bg6 6. h4 h6 7. Nf3 Nd7 8. h5
Bh7 9. Bd3 Bxd3 10. Qxd3 Qc7 11. Bd2 e6 12. O-O-O Ngf6 13. Ne4 O-O-O 14. c4
Nxe4 15. Qxe4 Nf6 16. Qe2 Bd6 17. g3 c5 18. Bc3 cxd4 19. Nxd4 a6 20. Kb1 Bc5
21. Nb3 Rxd1+ 22. Rxd1 Rd8 23. Rxd8+ Kxd8 24. Qd2+ Kc8 25. Bxf6 gxf6 26. Qxh6
Qe5 27. Nxc5 Qxc5 28. a3 Qxc4 29. Qc1 1-0

[Event "III Weekend A"]
[Site "Novara ITA"]
[Date "2002.11.02"]
[Round "3"]
[White "Castaldo, Folco"]
[Black "De Lillo, Michele"]
[Result "1-0"]
[WhiteElo "2338"]
[BlackElo "1728"]
[PlyCount "69"]
[EventDate "2002.11.01"]

1. Nf3 Nf6 2. c4 g6 3. Nc3 Bg7 4. e4 d6 5. d4 O-O 6. Be2 e5 7. d5 a5 8. Bg5 Na6
9. Nd2 h6 10. Be3 Ne8 11. O-O f5 12. exf5 gxf5 13. f4 Nf6 14. h3 Qe8 15. Kh2
Bd7 16. Nf3 Ne4 17. fxe5 Nxc3 18. bxc3 dxe5 19. Nh4 f4 20. Bh5 Qd8 21. Bf2 Bf5
22. Nxf5 Rxf5 23. Bg4 Rf8 24. Qe2 Qf6 25. c5 Rfe8 26. Qe4 Rad8 27. Be2 f3 28.
Bxf3 Qf4+ 29. Qxf4 exf4 30. Rab1 Bxc3 31. Rxb7 Nb4 32. Rd1 Re5 33. Rxc7 Nxa2
34. d6 Nb4 35. d7 1-0

[Event "III Weekend A"]
[Site "Novara ITA"]
[Date "2002.11.02"]
[Round "3"]
[White "Giordani, Marco"]
[Black "Raineri, Valerio"]
[Result "1/2-1/2"]
[WhiteElo "2097"]
[BlackElo "2139"]
[PlyCount "37"]
[EventDate "2002.11.01"]

1. d4 Nf6 2. c4 g6 3. Nc3 Bg7 4. e4 d6 5. f3 O-O 6. Be3 e5 7. d5 c6 8. Bd3 Nh5
9. Nge2 f5 10. exf5 gxf5 11. O-O c5 12. Kh1 f4 13. Bf2 Bf6 14. Qe1 Be7 15. Ne4
Rf7 16. b4 b6 17. a4 Na6 18. bxc5 bxc5 19. N2c3 1/2-1/2

[Event "III Weekend A"]
[Site "Novara ITA"]
[Date "2002.11.02"]
[Round "3"]
[White "Mazzariol, Oscar"]
[Black "Ranieri, Fabrizio"]
[Result "1/2-1/2"]
[WhiteElo "2141"]
[BlackElo "2173"]
[PlyCount "74"]
[EventDate "2002.11.01"]

1. e4 e6 2. d4 d5 3. e5 c5 4. c3 Nc6 5. Nf3 Qb6 6. a3 Bd7 7. b4 cxd4 8. cxd4
Rc8 9. Bb2 Na5 10. Nc3 Nc4 11. Bxc4 dxc4 12. O-O Ne7 13. Ne4 Nd5 14. Qd2 Be7
15. Rac1 Qa6 16. Rfe1 O-O 17. Nc5 Bxc5 18. dxc5 b6 19. cxb6 axb6 20. Re4 c3 21.
Bxc3 Qxa3 22. Bb2 Qb3 23. Rg4 Rxc1+ 24. Bxc1 Rc8 25. Ne1 Qb1 26. Qh6 g6 27. Bd2
Qf5 28. Rh4 Qxe5 29. Qxh7+ Kf8 30. Qh8+ Qxh8 31. Rxh8+ Ke7 32. Rxc8 Bxc8 33. h4
e5 34. Nc2 Be6 35. Ne3 Nxe3 36. Bxe3 b5 37. f3 f5 1/2-1/2

[Event "III Weekend A"]
[Site "Novara ITA"]
[Date "2002.11.02"]
[Round "3"]
[White "Moncelli, Giorgio"]
[Black "Recanatini, Italo"]
[Result "1-0"]
[WhiteElo "2166"]
[BlackElo "1878"]
[PlyCount "74"]
[EventDate "2002.11.01"]

1. c4 e5 2. Nc3 Nf6 3. g3 c6 4. Nf3 Qc7 5. d3 h6 6. Bg2 Bb4 7. O-O O-O 8. Bd2
d6 9. a3 Bxc3 10. Bxc3 Re8 11. e4 Bg4 12. h3 Bxf3 13. Bxf3 c5 14. Bg2 Nc6 15.
f4 Nd4 16. f5 Nh7 17. Rf2 Rab8 18. Bd2 Qe7 19. Be3 b5 20. Qg4 Nf6 21. Qh4 Nh7
22. f6 Nxf6 23. Bxh6 Nh7 24. Qg4 Ne6 25. Raf1 Rf8 26. h4 Kh8 27. Be3 bxc4 28.
dxc4 Rb7 29. Bh3 Qd8 30. Qh5 Rg8 31. Rxf7 Rxf7 32. Bxe6 Qf8 33. Qg6 Rc7 34. b4
a6 35. b5 axb5 36. cxb5 c4 37. b6 Rb7 1-0

[Event "III Weekend A"]
[Site "Novara ITA"]
[Date "2002.11.02"]
[Round "3"]
[White "Radice, Luca"]
[Black "Bemporad, Filippo"]
[Result "1/2-1/2"]
[WhiteElo "2077"]
[BlackElo "2108"]
[PlyCount "118"]
[EventDate "2002.11.01"]

1. d4 d5 2. Nf3 Nf6 3. c4 c6 4. Nc3 g6 5. Bg5 Bg7 6. e3 O-O 7. Bd3 b6 8. cxd5
cxd5 9. O-O Bb7 10. Rc1 Nc6 11. Qa4 a6 12. h3 b5 13. Qd1 Rc8 14. Qe2 Nb8 15. a4
b4 16. Na2 Qb6 17. Ne5 a5 18. Bb5 Qe6 19. Bf4 Ne4 20. f3 Nd6 21. Rxc8 Rxc8 22.
Rc1 Nf5 23. Bd3 Nd6 24. Bb5 Nf5 25. Bd3 Qb6 26. Bxf5 gxf5 27. Rxc8+ Bxc8 28.
Qc2 Be6 29. Nc1 f6 30. Ned3 Na6 31. Nb3 Bd7 32. Ndc5 Nxc5 33. Qxc5 Qxc5 34.
Nxc5 Bc6 35. Bc7 b3 36. Bxa5 e5 37. Bc3 Bf8 38. Nxb3 Bxa4 39. Nd2 Bd6 40. Kf2
Kf7 41. Ke2 Ke6 42. b3 Bb5+ 43. Kf2 Kf7 44. Ba5 Ke7 45. Bb6 Kd7 46. Nf1 Be7 47.
Ng3 Bd3 48. Nf1 Kc6 49. Ba5 Kb5 50. Bc3 Bb4 51. Bb2 Bd6 52. Nd2 Kb4 53. e4 dxe4
54. fxe4 exd4 55. Bxd4 fxe4 56. g4 Bf4 57. Be3 Be5 58. Bh6 Bd4+ 59. Be3 Be5
1/2-1/2

[Event "III Weekend A"]
[Site "Novara ITA"]
[Date "2002.11.02"]
[Round "3"]
[White "Sbarra, Marco"]
[Black "Ubezio, Marco"]
[Result "1-0"]
[WhiteElo "2220"]
[BlackElo "2195"]
[PlyCount "49"]
[EventDate "2002.11.01"]

1. e4 Nf6 2. e5 Nd5 3. d4 d6 4. c4 Nb6 5. exd6 exd6 6. Nc3 Be7 7. Bd3 Nc6 8.
Nge2 Bg4 9. f3 Bh5 10. O-O Bg6 11. b3 O-O 12. Bxg6 hxg6 13. d5 Ne5 14. a4 a5
15. f4 Ned7 16. Be3 Bf6 17. Bd4 Bxd4+ 18. Nxd4 Nc5 19. f5 gxf5 20. Nxf5 g6 21.
Qd4 gxf5 22. Rxf5 f6 23. Qg4+ Kf7 24. Qh5+ Kg7 25. Rf3 1-0

[Event "III Weekend A"]
[Site "Novara ITA"]
[Date "2002.11.02"]
[Round "4"]
[White "Aranovitch, Emiliano"]
[Black "Moncelli, Giorgio"]
[Result "1-0"]
[WhiteElo "2192"]
[BlackElo "2166"]
[PlyCount "89"]
[EventDate "2002.11.01"]

1. e4 g6 2. d4 Bg7 3. Nf3 d6 4. Bc4 c6 5. Nc3 b5 6. Bb3 b4 7. Ne2 Nf6 8. e5 Ne4
9. Ng3 Nxg3 10. hxg3 dxe5 11. Nxe5 Bxe5 12. dxe5 Qxd1+ 13. Kxd1 h5 14. Bd2 Bb7
15. Bxb4 Na6 16. Ba5 O-O 17. Bc4 Nc5 18. b3 Bc8 19. Ke2 Be6 20. Bxe6 Nxe6 21.
Rad1 Rfb8 22. f4 c5 23. Rd5 Rc8 24. Rhd1 Nd4+ 25. Kd3 Nf5 26. Be1 Rc7 27. Bf2
c4+ 28. bxc4 Rac8 29. c5 Rc6 30. Rb1 Ra6 31. Rb2 Kf8 32. Rd7 Ra3+ 33. c3 Ke8
34. Rdb7 Rc6 35. Kc4 Kd8 36. Kb5 Rc7 37. Rd2+ Kc8 38. Rxc7+ Kxc7 39. c6 Rxc3
40. Rd7+ Kc8 41. Rxa7 Kb8 42. Kb6 Rc2 43. c7+ Kc8 44. Ra8+ Kd7 45. Rd8+ 1-0

[Event "III Weekend A"]
[Site "Novara ITA"]
[Date "2002.11.02"]
[Round "4"]
[White "Bemporad, Filippo"]
[Black "Recanatini, Italo"]
[Result "1-0"]
[WhiteElo "2108"]
[BlackElo "1878"]
[PlyCount "74"]
[EventDate "2002.11.01"]

1. d4 d5 2. Nf3 Bf5 3. g3 Nd7 4. Bg2 e6 5. O-O Bd6 6. c4 c6 7. Nc3 Ne7 8. b3
Rc8 9. Nh4 Bg6 10. Nxg6 hxg6 11. e4 dxe4 12. Nxe4 Nf6 13. Bb2 Qd7 14. Qe2 O-O
15. Rad1 Nxe4 16. Bxe4 Rcd8 17. h4 Qe8 18. h5 gxh5 19. Kg2 g6 20. Bf3 Nf5 21.
Rh1 Qe7 22. Bxh5 Ng7 23. Bf3 f6 24. Rde1 Kf7 25. Rh7 Rh8 26. Reh1 Rxh7 27. Rxh7
Kg8 28. Rh6 Kf7 29. Be4 f5 30. Bd3 Rg8 31. c5 Bc7 32. Bc4 Qe8 33. Rh7 Bd8 34.
d5 exd5 35. Bxg7 dxc4 36. Be5+ Ke6 37. Bd6+ Kd5 1-0

[Event "III Weekend A"]
[Site "Novara ITA"]
[Date "2002.11.02"]
[Round "4"]
[White "Bozzali, Ermanno"]
[Black "Castaldo, Folco"]
[Result "1/2-1/2"]
[WhiteElo "2135"]
[BlackElo "2338"]
[PlyCount "112"]
[EventDate "2002.11.01"]

1. e4 e6 2. d4 d5 3. Nc3 dxe4 4. Nxe4 Nd7 5. Nf3 Ngf6 6. Nxf6+ Nxf6 7. Bg5 h6
8. Bf4 c5 9. dxc5 Qxd1+ 10. Rxd1 Bxc5 11. Bb5+ Ke7 12. Be5 a6 13. Be2 b5 14.
O-O Bb7 15. Bd4 Rac8 16. c3 Nd5 17. Ne5 Nb6 18. Rfe1 Bd5 19. f4 Na4 20. Bxc5+
Rxc5 21. Bf3 Bxf3 22. gxf3 Rc7 23. Re2 Rd8 24. Rxd8 Kxd8 25. Kf2 Nb6 26. Kg3
Nc8 27. Re4 Nd6 28. Re2 Ke7 29. Rd2 Nf5+ 30. Kf2 g6 31. Nd3 Nd6 32. Nb4 a5 33.
Nd3 Nc4 34. Re2 Nb6 35. Re4 Nc4 36. Re2 a4 37. a3 Kf6 38. Ne5 Nb6 39. Re4 Nd5
40. Ng4+ Ke7 41. Ne3 Nf6 42. Rb4 Rc5 43. c4 bxc4 44. Nxc4 Nd5 45. Rxa4 Nxf4 46.
Ra7+ Kf6 47. b3 Rd5 48. Rb7 Rd1 49. a4 g5 50. a5 Ra1 51. Rd7 Nd5 52. Ke2 h5 53.
Kd3 g4 54. fxg4 hxg4 55. Kd4 Ra2 56. Nd6 Rxa5 1/2-1/2

[Event "III Weekend A"]
[Site "Novara ITA"]
[Date "2002.11.02"]
[Round "4"]
[White "De Santis, Alessio"]
[Black "Sbarra, Marco"]
[Result "1-0"]
[WhiteElo "2267"]
[BlackElo "2220"]
[PlyCount "69"]
[EventDate "2002.11.01"]

1. d4 d5 2. c4 e6 3. Nc3 c5 4. cxd5 exd5 5. Nf3 Nc6 6. g3 Nf6 7. Bg2 Be7 8. O-O
O-O 9. Bg5 cxd4 10. Nxd4 h6 11. Be3 Re8 12. Nxc6 bxc6 13. Na4 Bf8 14. Rc1 Bd7
15. Bc5 Ne4 16. Bxf8 Kxf8 17. Qc2 Kg8 18. Rfd1 Qf6 19. Bxe4 Rxe4 20. Nc5 Rc4
21. Nxd7 Qe6 22. Qd2 Rxc1 23. Rxc1 Qxd7 24. Rc5 Re8 25. Qc2 Re6 26. b4 h5 27.
h4 Rg6 28. Kg2 Qg4 29. a3 Re6 30. Rxc6 Rxc6 31. Qxc6 Qe4+ 32. Kg1 Kh7 33. Qd7
f5 34. Qf7 Kh6 35. Qxa7 1-0

[Event "III Weekend A"]
[Site "Novara ITA"]
[Date "2002.11.02"]
[Round "4"]
[White "Laketic, Gojko"]
[Black "Aglietti, Graziano"]
[Result "1/2-1/2"]
[WhiteElo "2444"]
[BlackElo "2064"]
[PlyCount "105"]
[EventDate "2002.11.01"]

1. d4 Nf6 2. Nf3 e6 3. g3 d5 4. Bg2 c5 5. O-O Nc6 6. e3 Be7 7. b3 O-O 8. Bb2 b6
9. Ne5 Bb7 10. Nd2 Qc7 11. Nxc6 Bxc6 12. dxc5 bxc5 13. c4 Rfd8 14. cxd5 exd5
15. Rc1 Qb6 16. Qc2 Bb5 17. Rfd1 Rac8 18. Nb1 Qe6 19. Nc3 Ba6 20. Ne2 Bxe2 21.
Qxe2 d4 22. Bf3 dxe3 23. Qxe3 Qxe3 24. fxe3 Rxd1+ 25. Rxd1 Rd8 26. Rxd8+ Bxd8
27. Kf2 Kf8 28. Ke2 Ke7 29. Kd3 Ke6 30. Kc4 Nd7 31. Bd5+ Kd6 32. Bxf7 Ne5+ 33.
Bxe5+ Kxe5 34. Kxc5 Bb6+ 35. Kc6 Bxe3 36. b4 Kd4 37. a4 Kc3 38. Kb5 Bg1 39. h3
Bh2 40. a5 Bxg3 41. Ka4 Bd6 42. b5 Bc5 43. Bg8 h6 44. b6 axb6 45. a6 b5+ 46.
Kxb5 Bg1 47. Kc6 Kd4 48. h4 g5 49. hxg5 hxg5 50. Be6 Ke4 51. Kb7 Be3 52. a7
Bxa7 53. Bc8 1/2-1/2

[Event "III Weekend A"]
[Site "Novara ITA"]
[Date "2002.11.02"]
[Round "4"]
[White "Radice, Luca"]
[Black "Mazzariol, Oscar"]
[Result "1-0"]
[WhiteElo "2077"]
[BlackElo "2141"]
[PlyCount "59"]
[EventDate "2002.11.01"]

1. d4 Nf6 2. c4 e6 3. Nc3 Bb4 4. e3 c5 5. Bd3 Nc6 6. Nge2 cxd4 7. exd4 d5 8.
O-O O-O 9. a3 dxc4 10. Bxc4 Bd6 11. h3 e5 12. Bg5 exd4 13. Nd5 Ne5 14. Ba2 Be7
15. Nxe7+ Qxe7 16. Nf4 Qd6 17. Bxf6 Qxf6 18. Nd5 Qh4 19. f4 Nc6 20. f5 Bd7 21.
Rf4 Qg3 22. Qh5 Rae8 23. Nf6+ gxf6 24. Rg4+ Qxg4 25. hxg4 Re5 26. Kf2 Be6 27.
Rh1 Rd8 28. Qxh7+ Kf8 29. fxe6 fxe6 30. Qxb7 1-0

[Event "III Weekend A"]
[Site "Novara ITA"]
[Date "2002.11.02"]
[Round "4"]
[White "Raineri, Valerio"]
[Black "Barberi, Alessandro"]
[Result "1-0"]
[WhiteElo "2139"]
[BlackElo "2094"]
[PlyCount "60"]
[EventDate "2002.11.01"]

1. e4 c5 2. Nf3 d6 3. d4 cxd4 4. Nxd4 Nf6 5. Nc3 g6 6. Be3 Bg7 7. f3 O-O 8. Qd2
Nc6 9. Bc4 Bd7 10. Bb3 Qa5 11. O-O-O Rfc8 12. g4 Ne5 13. h4 Nc4 14. Bxc4 Rxc4
15. h5 Rac8 16. hxg6 fxg6 17. Nb3 Qd8 18. e5 Nxg4 19. fxg4 Bxg4 20. Rdf1 Bxe5
21. Bd4 Bxd4 22. Nxd4 e5 23. Ndb5 d5 24. Qh6 Bh5 25. Rxh5 gxh5 26. Qe6+ Kh8 27.
Qxe5+ Kg8 28. Qe6+ Kh8 29. Nd6 Qg5+ 30. Kb1 Qg2 1-0

[Event "III Weekend A"]
[Site "Novara ITA"]
[Date "2002.11.02"]
[Round "4"]
[White "Ranieri, Fabrizio"]
[Black "Giordani, Marco"]
[Result "1/2-1/2"]
[WhiteElo "2173"]
[BlackElo "2097"]
[PlyCount "30"]
[EventDate "2002.11.01"]

1. e4 Nf6 2. Nc3 d5 3. e5 Ne4 4. d4 Nxc3 5. bxc3 c5 6. Nf3 Nc6 7. Bb5 Bf5 8.
O-O e6 9. dxc5 Bxc5 10. Nd4 Qa5 11. Bd2 Bxd4 12. Bxc6+ bxc6 13. cxd4 Qa4 14. c3
Qxd1 15. Rfxd1 Rb8 1/2-1/2

[Event "III Weekend A"]
[Site "Novara ITA"]
[Date "2002.11.02"]
[Round "4"]
[White "Trumpf, Walter"]
[Black "Barlocco, Carlo"]
[Result "1-0"]
[WhiteElo "2102"]
[BlackElo "2160"]
[PlyCount "41"]
[EventDate "2002.11.01"]

1. d4 Nc6 2. e4 d5 3. exd5 Qxd5 4. Be3 e5 5. Nc3 Bb4 6. dxe5 Qxe5 7. Nf3 Bxc3+
8. bxc3 Qxc3+ 9. Bd2 Qc5 10. Bd3 Nf6 11. O-O O-O 12. Rb1 Bg4 13. h3 Bh5 14. Rb5
Qd6 15. Bc3 a6 16. Rxb7 Nd5 17. Ba1 Rad8 18. Be4 Qe6 19. Qe1 Qc8 20. Bxd5 Qxb7
21. Qc3 1-0

[Event "III Weekend A"]
[Site "Novara ITA"]
[Date "2002.11.02"]
[Round "4"]
[White "Ubezio, Marco"]
[Black "Berni, Fabrizio"]
[Result "1/2-1/2"]
[WhiteElo "2195"]
[BlackElo "2117"]
[PlyCount "25"]
[EventDate "2002.11.01"]

1. d4 e6 2. Nd2 d5 3. Ngf3 Nf6 4. e3 Nbd7 5. Bd3 c5 6. c3 Be7 7. O-O O-O 8. Ne5
Nxe5 9. dxe5 Nd7 10. f4 b6 11. Bxh7+ Kxh7 12. Qh5+ Kg8 13. Rf3 1/2-1/2

[Event "III Weekend A"]
[Site "Novara ITA"]
[Date "2002.11.03"]
[Round "5"]
[White "Aglietti, Graziano"]
[Black "Aranovitch, Emiliano"]
[Result "0-1"]
[WhiteElo "2064"]
[BlackElo "2192"]
[PlyCount "60"]
[EventDate "2002.11.01"]

1. d4 Nf6 2. Nf3 g6 3. g3 Bg7 4. Bg2 O-O 5. O-O c5 6. dxc5 Na6 7. Be3 Qc7 8.
Nc3 Nxc5 9. Bd4 Nce4 10. Nxe4 Nxe4 11. Bxg7 Kxg7 12. Qd4+ Nf6 13. c3 d6 14. Ng5
e5 15. Qd2 Bf5 16. Rad1 Rad8 17. e4 Bc8 18. Qe3 h6 19. Nh3 Be6 20. f4 Ng4 21.
Qf3 Qb6+ 22. Kh1 Ne3 23. fxe5 Nxd1 24. Qf6+ Kh7 25. Rxd1 dxe5 26. Rxd8 Rxd8 27.
Nf2 Rd2 28. Ng4 Qd8 29. Qxe5 Rd1+ 30. Bf1 Bxg4 0-1

[Event "III Weekend A"]
[Site "Novara ITA"]
[Date "2002.11.03"]
[Round "5"]
[White "Barlocco, Carlo"]
[Black "Borroni, Enrico"]
[Result "0-1"]
[WhiteElo "2160"]
[BlackElo "1950"]
[PlyCount "88"]
[EventDate "2002.11.01"]

1. e4 c6 2. d3 d5 3. Nd2 e6 4. f4 dxe4 5. dxe4 Nf6 6. e5 Nd5 7. Ne4 Nb4 8. a3
Qxd1+ 9. Kxd1 N4a6 10. Be3 b6 11. b4 Bb7 12. Be2 c5 13. Bf3 Kd8 14. c3 Nd7 15.
Ng5 Bxf3+ 16. N1xf3 Ke8 17. Kc2 h6 18. Ne4 f5 19. Ned2 Be7 20. Nc4 Rc8 21. Kb3
Nc7 22. Bd2 Nd5 23. Rae1 Kf7 24. h4 Rhd8 25. h5 Nf8 26. Nb2 b5 27. Rc1 c4+ 28.
Kc2 a5 29. Nd1 axb4 30. axb4 Ra8 31. Kb2 Nb6 32. Be3 Nd5 33. Ra1 Rxa1 34. Kxa1
Nxe3 35. Nxe3 Rd3 36. Nd1 Nd7 37. Kb2 Nb6 38. Nf2 Na4+ 39. Ka1 Rxc3 40. Nd4
Ra3+ 41. Kb1 Nc3+ 42. Kb2 Bxb4 43. Ra1 Rxa1 44. Kxa1 Bc5 0-1

[Event "III Weekend A"]
[Site "Novara ITA"]
[Date "2002.11.03"]
[Round "5"]
[White "Berni, Fabrizio"]
[Black "Ranieri, Fabrizio"]
[Result "1/2-1/2"]
[WhiteElo "2117"]
[BlackElo "2173"]
[PlyCount "61"]
[EventDate "2002.11.01"]

1. e4 e6 2. d4 d5 3. Nc3 Nf6 4. Bg5 Bb4 5. e5 h6 6. Bd2 Bxc3 7. bxc3 Ne4 8. Qg4
g6 9. Bd3 Nxd2 10. Kxd2 c5 11. h4 Nc6 12. Rh3 Qe7 13. Rb1 b6 14. h5 g5 15. Bb5
Bd7 16. Bxc6 Bxc6 17. f4 gxf4 18. Qxf4 O-O-O 19. Rg3 Rdg8 20. Ne2 Rxg3 21. Qxg3
Qf8 22. Qf4 Rg8 23. g3 Rg5 24. Qf3 Qg7 25. Rf1 Rf5 26. Nf4 Rg5 27. Ne2 Rf5 28.
Nf4 Rg5 29. Rg1 cxd4 30. cxd4 Rg4 31. Qe3 1/2-1/2

[Event "III Weekend A"]
[Site "Novara ITA"]
[Date "2002.11.03"]
[Round "5"]
[White "Giordani, Marco"]
[Black "Barberi, Alessandro"]
[Result "1/2-1/2"]
[WhiteElo "2097"]
[BlackElo "2094"]
[PlyCount "69"]
[EventDate "2002.11.01"]

1. d4 g6 2. c4 Bg7 3. Nc3 d6 4. e4 Nd7 5. Be3 e5 6. Nf3 Ne7 7. Be2 f5 8. Ng5
Nf8 9. dxe5 Bxe5 10. c5 h6 11. Nf3 Bxc3+ 12. bxc3 fxe4 13. Qd4 exf3 14. Qxh8
fxe2 15. Bxh6 Kf7 16. Qg7+ Ke6 17. Qxf8 Qxf8 18. Bxf8 Nf5 19. cxd6 cxd6 20. g4
Nh4 21. Kxe2 Kf7 22. Bxd6 Bxg4+ 23. Ke3 Ng2+ 24. Ke4 Re8+ 25. Be5 Nh4 26. Kf4
Be2 27. Bd4 Bf3 28. Rhg1 Re4+ 29. Kg5 Be2 30. Rg3 Nf3+ 31. Rxf3+ Bxf3 32. h3 a6
33. Rb1 Re2 34. Rb6 Bc6 35. a3 1/2-1/2